Delhi 2010 XIX Commonwealth Games / (Record no. 56509)

MARC details
000 -LEADER
fixed length control field 01091nam a22002297a 4500
005 - DATE AND TIME OF LATEST TRANSACTION
control field 20110908103336.0
010 ## - LCCN (DPL NO)
LC control number ENG-103650 B-477211
020 ## - INTERNATIONAL STANDARD BOOK NUMBER
International Standard Book Number 9788183690164
Terms of availability 400.00
035 ## - SYSTEM CONTROL NUMBER
System control number EN-87183 B-477211
037 ## - SOURCE OF ACQUISITION
Source of stock number/acquisition DBAD/PUB
037 ## - SOURCE OF ACQUISITION
Source of stock number/acquisition K.K.Pub/Ven
082 ## - DEWEY DECIMAL CLASSIFICATION NUMBER
Classification number 796.4
245 ## - TITLE STATEMENT
Title Delhi 2010 XIX Commonwealth Games /
Statement of responsibility, etc edited and complied by Life Span Research Foundation (New Delhi)
260 ## - PUBLICATION, DISTRIBUTION, ETC. (IMPRINT)
Place of publication, distribution, etc New Delhi
Name of publisher, distributor, etc Life Span Publishers
Date of publication, distribution, etc 2010
270 ## - ADDRESS
Address 215, Nilgiri Apartments, Alaknanda
City New Delhi
Postal code 110019
300 ## - PHYSICAL DESCRIPTION
Extent 113p.
Dimensions 22cm (Hb)
700 ## - ADDED ENTRY--PERSONAL NAME
9 (RLIN) 34646
Personal name Life Span Research Foundation
942 ## - ADDED ENTRY ELEMENTS (KOHA)
Source of classification or shelving scheme Dewey Decimal Classification
Item type English Books
Classification part 796.4
Call number suffix DEL
Holdings
Withdrawn status Lost status Not for loan Collection code Home library Current library Date acquired Source of acquisition Cost, normal purchase price Full call number Barcode Copy number Cost, replacement price Koha item type
      Non-fiction Central Library Central Library 08/08/2012 K.K.Pub/1907/30.3.2012/SP/45/30.03.2012/30.03.2012 400.00 796.4 DEL B-477211 1 400.00 English Books
      Non-fiction Patel Nagar Patel Nagar 08/09/2011 DBAD/PUB 400.00 796.4 DEL EN-87183 1 400.00 English Books

© Delhi Public Library
Hit Counter
free hit counter